000 00346nam a2200097Ia 4500
008 180130s9999 xx 000 0 und d
245 _cMcAfee, Andrew P.
_aShattering the myths about enterprise 2.0
260 _c2013
300 _aBook title: HBR's 10 must reads on collaboration--Acession number C20792; pages 113-124
650 _aBUSINESS NETWORKS
999 _c354445
_d354445